प्रकृति पर्यावरण प्रदूषण एवं नियंत्रण (Record no. 50033)
[ view plain ]
| 000 -LEADER | |
|---|---|
| fixed length control field | 00674nam a22001937a 4500 |
| 008 - FIXED-LENGTH DATA ELEMENTS--GENERAL INFORMATION | |
| fixed length control field | 230706b |||||||| |||| 00| 0 eng d |
| 020 ## - INTERNATIONAL STANDARD BOOK NUMBER | |
| International Standard Book Number | 8176480541 |
| 040 ## - CATALOGING SOURCE | |
| Original cataloging agency | National Science Library |
| Transcribing agency | National Science Library |
| 080 ## - UNIVERSAL DECIMAL CLASSIFICATION NUMBER | |
| Universal Decimal Classification number | 504.06 |
| Item number | N9.4 |
| 100 ## - MAIN ENTRY--PERSONAL NAME | |
| Personal name | Markandey, Dilip Kumar |
| 245 ## - TITLE STATEMENT | |
| Title | प्रकृति पर्यावरण प्रदूषण एवं नियंत्रण |
| 246 ## - VARYING FORM OF TITLE | |
| Title proper/short title | Prakriti paryavaran pradushan evam niyantaran |
| 260 ## - PUBLICATION, DISTRIBUTION, ETC. | |
| Place of publication, distribution, etc. | New Delhi: |
| Name of publisher, distributor, etc. | A. P. H. Publishing Corporation, |
| Date of publication, distribution, etc. | 1999 |
| 300 ## - PHYSICAL DESCRIPTION | |
| Extent | 200p. |
| 650 ## - SUBJECT ADDED ENTRY--TOPICAL TERM | |
| Topical term or geographic name entry element | Hindi literature |
| 653 ## - INDEX TERM--UNCONTROLLED | |
| Uncontrolled term | Environment protection |
| 700 ## - ADDED ENTRY--PERSONAL NAME | |
| Personal name | Rajvaidh, Nilima |
| 942 ## - ADDED ENTRY ELEMENTS (KOHA) | |
| Source of classification or shelving scheme | Universal Decimal Classification |
| Koha item type | Hindi Books |
| Withdrawn status | Lost status | Source of classification or shelving scheme | Damaged status | Not for loan | Home library | Current library | Shelving location | Date acquired | Total Checkouts | Full call number | Barcode | Date last seen | Price effective from | Koha item type |
|---|---|---|---|---|---|---|---|---|---|---|---|---|---|---|
| Universal Decimal Classification | National Science Library | National Science Library | GF/REF/Rk-2/C-8/R-1 | 07/10/1999 | 504.06 N9.4 | 178736 | 06/07/2023 | 07/10/1999 | Hindi Books |